[Event "POL-chTJ"]
[Site "Poland"]
[Date "1996.??.??"]
[Round "?"]
[White "Lewandowski, Rafal"]
[Black "Hnydiuk, Aleksander"]
[Result "1-0"]
[WhiteElo "2135"]
[BlackElo "2295"]

1.e4 c5 2.Nf3 e6 3.d4 cxd4 4.Nxd4 Nc6 5.Nc3 Qc7 6.Be3 Nf6 7.Bd3 a6 8.O-O Bd6
9.h3 Bf4 10.Qf3 Bxe3 11.Qxe3 d6 12.a4 O-O 13.Rae1 Bd7 14.f4 Nxd4 15.Qxd4 e5
16.Qe3 exf4 17.Rxf4 Be6 18.e5 Nd7 19.Rh4 h6 20.Rxh6 Rfe8 21.exd6 Qxd6 22.Rh4 Nf6
23.Ne4 Qe5 24.Nxf6+ Qxf6 25.Qd4 Qxd4+ 26.Rxd4 Rac8 27.Kf2 Kf8 28.Rb4 Rc7
29.Rd4 Rec8 30.g4 Rc5 31.Kg3 R8c6 32.h4 Rd5 33.Ree4 Rxd4 34.Rxd4 Ke7 35.Rb4 Rc7
36.Be4 Bc8 37.Kf4 Kd6 38.Rb6+ Ke7 39.b3 Kd8 40.g5 g6 41.c4 Re7 42.a5 Kc7
43.Bd5 Kd8 44.b4 Ke8 45.b5 Kd8 46.Rd6+ Kc7 47.Rf6 Be6 48.Bxe6 fxe6 49.Rxg6 Kd6
50.h5 Rc7 51.Rf6 Rxc4+ 52.Kg3 Rc3+ 53.Rf3 Rc1 54.bxa6 bxa6 55.h6 Rh1 56.Kg4 Ke7
57.Rh3 Rg1+ 58.Kh5 Kf7 59.Rf3+ Kg8 60.Kg6 Rh1 61.Rb3  1-0

[Event "POL-chTJ"]
[Site "Poland"]
[Date "1996.??.??"]
[Round "?"]
[White "Pikulinski, Andrzej"]
[Black "Hnydiuk, Aleksander"]
[Result "0-1"]
[WhiteElo "2215"]
[BlackElo "2295"]

1.e4 c5 2.Nf3 e6 3.d4 cxd4 4.Nxd4 Nc6 5.Nc3 Qc7 6.Be3 a6 7.Bd3 b5 8.O-O Bb7
9.a4 b4 10.Nce2 Nf6 11.Nb3 d5 12.exd5 Nxd5 13.Bc5 Bd6 14.Ng3 Ne5 15.Bxd6 Qxd6
16.Na5 Nxd3 17.Nxb7 Qb6 18.Ne4 O-O 19.Qxd3 Qxb7 20.c4 bxc3 21.bxc3 f5 22.Ng5 Nf4
23.Qf3 Qxf3 24.Nxf3 Ne2+ 25.Kh1 Nxc3 26.Rfe1 Ne4 27.Ra2 Rfd8 28.Ne5 Rd5 29.Nc4 Rd4
30.Nb6 Rad8 31.f3 Nc3 32.Raa1 Kf7 33.h3 Nd5 34.Nxd5 R8xd5 35.Reb1 Kf6 36.a5 Rd6
37.Rb6 Ke7 38.Kh2 Rd2 39.Rb7+ Rd7 40.Rb6 R2d6 41.f4 h6 42.h4 Rc7 43.h5 Rc4
44.g3 Rc2+ 45.Kh3 Rc5 46.Rb7+ Kf6 47.Ra7 e5 48.fxe5+ Rxe5 49.Ra4 Re7 50.Rxe7 Kxe7
51.Rb4 Rd5 52.Ra4 Re5 53.Ra3 Kf6 54.g4 f4  0-1

[Event "POR-CHN m"]
[Site "?"]
[Date "1996.??.??"]
[Round "8"]
[White "Damaso, Rui"]
[Black "Ye Jiangchuan"]
[Result "1-0"]
[WhiteElo "2415"]
[BlackElo "2560"]

1.e4 c5 2.Nf3 e6 3.d4 cxd4 4.Nxd4 Nc6 5.Nc3 Qc7 6.Be3 a6 7.Bd3 Nf6 8.O-O Bd6
9.h3 O-O 10.f4 Bc5 11.e5 Ne8 12.Bxh7+ Kxh7 13.Qh5+ Kg8 14.Ne4 f6 15.Nxc5 Nxd4
16.Bxd4 b6 17.Ne4 Qxc2 18.Qg6 Qc4 19.Rad1 Bb7 20.Nxf6+ Nxf6 21.exf6 Rf7 22.fxg7 Qc6
23.Rf2 Rf5 24.Bc3 Qb5 25.Qh6 Rd5 26.Rxd5 Qxd5 27.Rd2 Qc5+ 28.Kh2 Bd5 29.Rd3  1-0

[Event "Portoroz"]
[Site "Portoroz"]
[Date "1996.??.??"]
[Round "?"]
[White "Doric, Nenad"]
[Black "Kragelj, Igor"]
[Result "1/2-1/2"]
[WhiteElo "2320"]
[BlackElo "2195"]

1.e4 c5 2.Nf3 Nc6 3.Nc3 e6 4.d4 cxd4 5.Nxd4 Qc7 6.g3 a6 7.Bg2 Nf6 8.O-O Bc5
9.Nb3 Ba7 10.Qe2 d6 11.a4 Bd7 12.Be3 Bxe3 13.Qxe3 Ne5 14.Nd2  1/2-1/2

[Event "CZE-ch U18"]
[Site "Prague"]
[Date "1996.??.??"]
[Round "4"]
[White "Cernousek, Lukas"]
[Black "Bujnoch, R."]
[Result "1-0"]
[WhiteElo "2000"]
[BlackElo "2025"]

1.e4 c5 2.Nc3 e6 3.Nge2 Nc6 4.d4 cxd4 5.Nxd4 a6 6.a4 g6 7.Be3 Bg7 8.Nxc6 bxc6
9.Bd4 Nf6 10.e5 Nd5 11.Ne4 O-O 12.Bc5 Bxe5 13.Bxf8 Kxf8 14.c3 Rb8 15.Qc2 Qb6
16.Rb1 Nf6 17.Nxf6 Bxf6 18.Be2 a5 19.O-O c5 20.Bb5 d5 21.b4 axb4 22.cxb4 c4
23.Rfd1 Qb7 24.Qd2 c3 25.Qe3 Qb6 26.Qxb6 Rxb6 27.Bd3 e5 28.a5 Rb8 29.b5 Bg5
30.a6 Rb6 31.Ra1 e4 32.a7 Bb7 33.a8=Q+ Bxa8 34.Rxa8+ Kg7 35.Bc2 Rxb5 36.Ra2 Bd2
37.Rb1 Rc5 38.Rb4 f5 39.Kf1 Kf6 40.Ke2 Ke5 41.Raa4 Rc7 42.Ra5 Kd6 43.Rbb5 d4
44.Rd5+ Ke7 45.Rxd4 Kf6 46.Rd6+ Kg7 47.Rad5 Rc8 48.Rd8 Rc6 49.R5d7+ Kh6 50.h4 Ra6
51.Rh8 Kh5 52.Rhxh7+ Kg4 53.Ra7 Rd6 54.Bd1 Kf4 55.Rae7 e3 56.fxe3+ Kg3 57.h5 g5
58.Rd7 Re6 59.Rxd2 cxd2 60.Kxd2 Kxg2 61.Rh8 g4 62.Bc2 f4 63.exf4 Kf3 64.h6 g3
65.h7 g2 66.Rg8 Rh6 67.Kc3 Kf2 68.Kd4 g1=Q 69.Rxg1 Kxg1 70.Bg6 Kg2 71.f5 Kg3
72.f6 Rh1 73.f7 Rd1+ 74.Bd3  1-0

[Event "Kottnauer mem"]
[Site "Prague"]
[Date "1996.??.??"]
[Round "6"]
[White "Hort, Vlastimil"]
[Black "Andersson, Ulf"]
[Result "0-1"]
[WhiteElo "2550"]
[BlackElo "2630"]

1.e4 c5 2.Nf3 e6 3.Nc3 Nc6 4.d4 cxd4 5.Nxd4 a6 6.Be3 Nf6 7.a3 Be7 8.f4 d6
9.Bd3 e5 10.Nde2 exf4 11.Nxf4 O-O 12.h3 Ne5 13.O-O Bd7 14.Qe1 Bc6 15.Bd4 b5
16.Rd1 Qb8 17.Kh1 Qb7 18.Ncd5 Rae8 19.Qg3 Bxd5 20.exd5 Bd8 21.Bc3 g6 22.Rfe1 Nfd7
23.Bf5 Bf6 24.Ne2 Nc5 25.Nd4 Na4 26.Be4 Nxc3 27.bxc3 Qb6 28.Ra1 Qc5 29.Nb3 Qc4
30.a4 Nd7 31.Qxd6 Bxc3  0-1

[Event "Helma op"]
[Site "Pribram"]
[Date "1996.??.??"]
[Round "?"]
[White "Zvara, Tomas"]
[Black "Stocek, Jiri"]
[Result "0-1"]
[WhiteElo "2340"]
[BlackElo "2440"]

1.e4 c5 2.Nc3 e6 3.Nf3 Nc6 4.d4 cxd4 5.Nxd4 a6 6.Be2 Nf6 7.O-O d6 8.Be3 Be7
9.f4 O-O 10.Bf3 Qc7 11.a4 Nxd4 12.Qxd4 e5 13.Qd2 exf4 14.Bxf4 Be6 15.Rfd1 Rfd8
16.a5 Rac8 17.Kh1 h6 18.Ra4 Nh7 19.Rd4 Bg5 20.Bxg5 Nxg5 21.Be2 Qxa5 22.Rxd6 Re8
23.Qf4 Qb4 24.Bd3 Qxb2 25.Ne2 Bc4 26.Bxc4 Rxc4 27.Rd8 Rc8 28.Rxe8+ Rxe8 29.Ng3 Qxc2
30.Rf1 Qc4 31.Nf5 Rxe4 32.Ne7+ Kh7 33.Qf5+ Kh8 34.Qd7 Qxf1+  0-1

[Event "Pula op"]
[Site "Pula"]
[Date "1996.??.??"]
[Round "?"]
[White "Sasu Ducsoara, Adrian"]
[Black "Cebalo, Miso"]
[Result "0-1"]
[WhiteElo "2305"]
[BlackElo "2495"]

1.e4 c5 2.Nf3 e6 3.d4 cxd4 4.Nxd4 Nc6 5.Nc3 d6 6.Be3 Nf6 7.f3 Be7 8.Qd2 O-O
9.g4 Nxd4 10.Bxd4 Nd7 11.O-O-O a6 12.h4 b5 13.g5 b4 14.Ne2 a5 15.f4 Bb7 16.Ng3 Rc8
17.Kb1 e5 18.Be3 exf4 19.Bxf4 Ne5 20.Qe2 Rc5 21.Nf5 Re8 22.Bg2 Bf8 23.Be3 Rc8
24.Bd4 Qc7 25.h5 a4 26.g6 fxg6 27.hxg6 hxg6 28.Nh4 b3 29.cxb3 axb3 30.Bc3 Qc4
31.Qxc4+ Nxc4 32.Rde1 Na3+ 33.bxa3 Rxc3 34.Nxg6 Rg3 35.Rh8+ Kf7 36.Nxf8 bxa2+
37.Kxa2 Rxg2+ 38.Kb3 Rg3+ 39.Kb2 Bxe4 40.Rf1+ Rf3 41.Rxf3+ Bxf3 42.Rh3 Bg2  0-1

[Event "CRO-Cup"]
[Site "Pula"]
[Date "1996.??.??"]
[Round "?"]
[White "Zivkovic, Vjekoslav"]
[Black "Rosandic, Denis"]
[Result "1/2-1/2"]
[WhiteElo "2255"]
[BlackElo "2295"]

1.e4 c5 2.Nf3 Nc6 3.Nc3 e6 4.d4 cxd4 5.Nxd4 Nf6 6.Bg5 Qa5 7.Bxf6 gxf6 8.Nb3 Qc7
9.Qd2 a6 10.O-O-O Na5 11.Kb1 Nxb3 12.axb3 b5 13.g3 Rb8 14.f4 Qc5 15.f5 Be7
16.Qh6 a5 17.e5 Qxe5 18.Bh3 Bb7 19.Rhe1 Qc5 20.Qg7 Rf8 21.fxe6 dxe6 22.Bxe6 fxe6
23.Rxe6 Rd8 24.Rde1 Rd7 25.Nxb5 Rf7 26.Qg8+ Rf8 27.Qg7 Rf7 28.Qh8+ Rf8 29.Qg7 Rf7
30.Qg8+ Rf8  1/2-1/2

[Event "Reggio Emilia9697"]
[Site "Reggio Emilia"]
[Date "1996.??.??"]
[Round "5"]
[White "Tatai, Stefano"]
[Black "Mantovani, Renzo"]
[Result "1-0"]
[WhiteElo "2375"]
[BlackElo "2360"]

1.e4 c5 2.Nf3 e6 3.d4 cxd4 4.Nxd4 Nc6 5.Nc3 d6 6.g3 Nf6 7.Bg2 Bd7 8.O-O Be7
9.Re1 O-O 10.Nxc6 Bxc6 11.a4 Qd7 12.b3 Rac8 13.Bb2 b6 14.Qe2 Rfd8 15.Rad1 Qc7
16.Rd2 Rd7 17.Nb5 Qd8 18.Red1 Ne8 19.c4 a6 20.Nd4 Ba8 21.f4 Qc7 22.h3 Rcd8
23.Kh2 Bf6 24.Ba3 Bxd4 25.Rxd4 Bc6 26.R4d2 Qb7 27.Bb2 b5 28.cxb5 axb5 29.a5 b4
30.Bd4 Bb5 31.Qe3 Rc8 32.Ra2 Rdc7 33.Qd2 Ba6 34.e5 d5 35.f5 Rc6 36.fxe6 fxe6
37.Qf4 Qf7 38.Qh4 Rc2 39.Rd2 Rxa2 40.Rxa2 Qd7 41.Bb6 Rc1 42.Rf2 h6 43.Qxb4 Kh7
44.Be3 Rd1 45.Qf8 Bb5 46.Bxh6 Qa7 47.Bd2 Qd4 48.Qf4 Qd3 49.Qh4+  1-0

[Event "Reggio Emilia9697"]
[Site "Reggio Emilia"]
[Date "1996.??.??"]
[Round "6"]
[White "Belotti, Bruno"]
[Black "Razuvaev, Yuri S"]
[Result "1/2-1/2"]
[WhiteElo "2400"]
[BlackElo "2560"]

1.e4 c5 2.Nf3 e6 3.d4 cxd4 4.Nxd4 Nc6 5.Nc3 Qc7 6.Be2 a6 7.O-O b5 8.Nxc6 dxc6
9.a4 Rb8 10.f4 Be7 11.Kh1 b4 12.Nb1 Nf6 13.Nd2 Bb7 14.Bd3 O-O 15.Qe2 a5 16.b3 c5
17.Bb2 Rbd8 18.Rae1 Nd7 19.Nc4 Ba6 20.Qg4 Nf6 21.Qh3 Bxc4 22.Bxc4 Ne8 23.Re3 Qd7
24.Rg3 Kh8 25.Qh6 f6 26.Qh5 Nc7 27.f5 Rfe8 28.Rh3 h6 29.Qf7 Rf8 30.Qg6 Qe8
31.Qg4 Kh7 32.Bc1 exf5 33.exf5 Rh8 34.Qh4 Rd4 35.Qg3 Bd6 36.Qf3 Rf8 37.Be3 Re4
38.Bc1 Re1 39.Qf2 Rxf1+ 40.Qxf1 Qe4  1/2-1/2

[Event "Reykjavik op"]
[Site "Reykjavik"]
[Date "1996.??.??"]
[Round "3"]
[White "Gunnarsson, Jon Viktor"]
[Black "Lyrberg, Patrik"]
[Result "1/2-1/2"]
[WhiteElo "2180"]
[BlackElo "2425"]

1.e4 c5 2.Nf3 e6 3.d4 cxd4 4.Nxd4 Nc6 5.Nc3 Qc7 6.Be2 a6 7.O-O b5 8.a3 Bb7
9.Be3 Nf6 10.f4 Bc5 11.Qd3 b4 12.Na4 Bxd4 13.Bxd4 Nxd4 14.Qxd4 Qxc2 15.Nc5 Qxe2
16.Nxb7 O-O 17.Rfe1 Qg4 18.Rf1 d5 19.e5 Ne4 20.axb4 Qe2 21.Nc5 Nxc5 22.bxc5 Rab8
23.b4 Qb5 24.Rfb1 Rfc8 25.Rb2 Rxc5 26.bxc5 Qxb2 27.Qxb2 Rxb2 28.Rxa6 h6 29.Rd6 Rc2
30.c6 g6 31.h3 Rc4 32.Kh2 Kg7 33.Kg3 g5 34.fxg5 hxg5 35.Kf3 Rc3+ 36.Ke2 g4
37.hxg4 Kg6 38.Kd2 Rc4 39.Kd3 Kg5 40.Rd7 Rxc6 41.Rxf7 Kxg4 42.Rf6 Kg3 43.Rf7 Ra6  1/2-1/2

[Event "Reykjavik op"]
[Site "Reykjavik"]
[Date "1996.??.??"]
[Round "7"]
[White "Thorhallsson, Throstur"]
[Black "De Kleuver, Esther"]
[Result "1-0"]
[WhiteElo "2445"]
[BlackElo "2210"]

1.e4 c5 2.Nf3 e6 3.d4 cxd4 4.Nxd4 Nc6 5.Nc3 d6 6.Be3 Nf6 7.Qd2 Be7 8.f3 a6
9.g4 Nd7 10.O-O-O O-O 11.h4 Nde5 12.Qf2 Bd7 13.Kb1 b5 14.g5 b4 15.Nce2 Nc4
16.Nxc6 Bxc6 17.Bc1 Qa5 18.Nd4 Qc5 19.Bxc4 Qxc4 20.b3 Qc5 21.Be3 Bb7 22.Nxe6 Qc6
23.Nxf8 Bxf8 24.h5 a5 25.Bd4 a4 26.h6 axb3 27.cxb3 d5 28.hxg7 Bxg7 29.Bxg7 Kxg7
30.Qd4+  1-0

[Event "Reykjavik op"]
[Site "Reykjavik"]
[Date "1996.??.??"]
[Round "9"]
[White "Jonasson, Benedikt"]
[Black "Van der Werf, Mark"]
[Result "0-1"]
[WhiteElo "2280"]
[BlackElo "2400"]

1.e4 c5 2.Nf3 e6 3.d4 cxd4 4.Nxd4 Nc6 5.Nc3 Qc7 6.g3 a6 7.Bg2 Nf6 8.O-O Bc5
9.Be3 Ne5 10.Qe2 d6 11.h3 b5 12.f4 Nc4 13.Bf2 O-O 14.e5 dxe5 15.fxe5 Nd5
16.Nxd5 exd5 17.e6 fxe6 18.Nxe6 Rxf2 19.Rxf2 Bxf2+ 20.Kf1 Qxg3  0-1

[Event "EU-ch U18"]
[Site "Rimavska Sobota"]
[Date "1996.??.??"]
[Round "2"]
[White "Groetz, Harald"]
[Black "Livner, Anders"]
[Result "1/2-1/2"]
[WhiteElo "2280"]
[BlackElo "2080"]

1.e4 c5 2.Nf3 e6 3.d4 cxd4 4.Nxd4 Nc6 5.Nc3 Qc7 6.g3 a6 7.Bg2 Nf6 8.O-O Be7
9.Re1 d6 10.Be3 O-O 11.f4 Nxd4 12.Qxd4 Ng4 13.Qb6 Qb8 14.Rad1 Bd8 15.Qxd6 Qxd6
16.Rxd6 Nxe3 17.Rxe3 Be7 18.Red3 Bxd6 19.Rxd6 f6 20.Na4 Kf7 21.Nb6 Ke7 22.e5 Rb8
23.Bh3 f5 24.c4 Rd8 25.c5 Bd7 26.Bf1 Bb5 27.Bxb5 axb5 28.Kf2 h6 29.h4 g5
30.hxg5 hxg5 31.fxg5 Rxd6 32.cxd6+ Kf7 33.Ke3 Rg8 34.Kf4 Rh8 35.b4 Rh1 36.Nd7 Rf1+
37.Ke3 Re1+ 38.Kd4 Rc1 39.Nc5 Rc4+ 40.Kd3 Rg4 41.Nxb7 Ke8 42.Nc5 Kf7 43.d7 Ke7
44.Nxe6 Kxd7 45.Nd4 Rxg3+ 46.Ke2 Rxg5 47.Kf3 Rg1 48.Nxf5 Ke6 49.Nd4+ Kxe5
50.Nxb5 Ra1 51.a3  1/2-1/2

[Event "EU-ch U14"]
[Site "Rimavska Sobota"]
[Date "1996.??.??"]
[Round "5"]
[White "Kovchan, Alexander"]
[Black "Sebenik, Matej"]
[Result "1-0"]
[WhiteElo "2240"]
[BlackElo "2125"]

1.e4 c5 2.Nf3 Nc6 3.Nc3 e6 4.d4 cxd4 5.Nxd4 Nf6 6.Be3 Bb4 7.Bd3 d5 8.Nxc6 bxc6
9.e5 Nd7 10.Qg4 Qa5 11.O-O g6 12.Bd2 O-O 13.Rae1 Rb8 14.h4 f5 15.exf6 Nxf6
16.Qg3 Rb7 17.a3 Be7 18.Bh6 Nh5 19.Qg4 Rf7 20.Bxg6 hxg6 21.Qxg6+ Ng7 22.Bxg7 Rxg7
23.Qe8+ Kh7 24.Re5 Bg5 25.hxg5 Bd7 26.Qh5+ Kg8 27.Ne4  1-0

[Event "EU-ch U18"]
[Site "Rimavska Sobota"]
[Date "1996.??.??"]
[Round "5"]
[White "Simacek, Pavel"]
[Black "Livner, Anders"]
[Result "1-0"]
[WhiteElo "2285"]
[BlackElo "2080"]

1.e4 c5 2.Nf3 e6 3.d4 cxd4 4.Nxd4 Nc6 5.Nc3 Qc7 6.g3 a6 7.Bg2 Nf6 8.O-O d6
9.Re1 Bd7 10.Nxc6 bxc6 11.Na4 Rd8 12.c4 c5 13.Nc3 Be7 14.Bf4 Bc6 15.Re3 h6
16.Rd3 O-O 17.Qe2 e5 18.Bd2 Qb7 19.Rb1 Rfe8 20.f4 exf4 21.gxf4 Nd7 22.Nd5 Bf6
23.Be3 Bxd5 24.Rxd5 Qb4 25.Rxd6 Nb6 26.Rxf6 gxf6 27.Qg4+ Kh7 28.Qf5+ Kg8
29.Bxc5 Qa5 30.b4 Qxa2 31.e5 Nd7 32.Be4 Nf8 33.Kh1 Qxb1+ 34.Bxb1 Ng6 35.Qg4 Kh8
36.Qh5 Kg7 37.Be3 fxe5 38.f5 Nf4 39.f6+ Kxf6 40.Qxh6+ Ke7 41.Bc5+ Kd7 42.Qd6+ Kc8
43.Qxa6+ Kc7 44.Qb6+  1-0

[Event "EU-ch U18"]
[Site "Rimavska Sobota"]
[Date "1996.??.??"]
[Round "7"]
[White "Van den Doel, Erik"]
[Black "Hnydiuk, Aleksander"]
[Result "1-0"]
[WhiteElo "2440"]
[BlackElo "2280"]

1.e4 c5 2.Nf3 e6 3.d4 cxd4 4.Nxd4 Nc6 5.Nc3 Qc7 6.f4 d6 7.Nxc6 bxc6 8.Bd3 d5
9.O-O Nf6 10.e5 Nd7 11.Na4 a5 12.Be3 c5 13.c4 d4 14.Be4 Ra6 15.Bd2 f5 16.exf6 Nxf6
17.Bc2 Be7 18.b3 O-O 19.Qe2 Bd6 20.Rae1 Re8 21.Qf2 e5 22.fxe5 Rxe5 23.Rxe5 Bxe5
24.Qh4 d3 25.Bd1 Bb7 26.Be3 Ne4 27.Bf3 Bf6 28.Qg4 h5 29.Qxh5 Re6 30.Bg4 Re7
31.Bf5 Qe5 32.Qh7+ Kf8 33.Bg6 Qe6 34.Nxc5 Qg8 35.Nxb7 Qxh7 36.Bxh7 Nc3 37.Bc5 d2
38.Bc2  1-0

[Event "EU-ch U18"]
[Site "Rimavska Sobota"]
[Date "1996.??.??"]
[Round "9"]
[White "Bagirov, Rufat"]
[Black "Hnydiuk, Aleksander"]
[Result "1/2-1/2"]
[WhiteElo "2285"]
[BlackElo "2280"]

1.e4 c5 2.Nc3 Nc6 3.Nf3 e6 4.d4 cxd4 5.Nxd4 Qc7 6.g3 a6 7.Bg2 d6 8.O-O Nf6
9.Re1 Rb8 10.b3 Be7 11.Nxc6 bxc6 12.Na4 O-O 13.c4 c5 14.Bb2 Nd7 15.Qd2 Bb7
16.Bc3 Ne5 17.Rad1 Nc6 18.e5 dxe5 19.Qd7 Rbc8 20.Qxc7 Rxc7 21.Bxc6 Bxc6 22.Bxe5 Rd7
23.Rxd7 Bxd7 24.Nb6 Bc6 25.Bc7 Bd8 26.Nc8 Bb7 27.Nd6 Ba8 28.Bxd8 Rxd8 29.Ne4 Rc8
30.f4 Kf8 31.Kf2 Ke7 32.f5 e5 33.Ke3 f6 34.Rd1 a5 35.Rd6 Bxe4 36.Re6+ Kd7
37.Kxe4 a4 38.Ra6 axb3 39.axb3 Rb8 40.Kd5 Rxb3 41.Ra7+ Kd8 42.Rxg7 Rd3+ 43.Kxc5 e4
44.Rf7 e3 45.Rxf6 Rd7 46.Re6 Re7 47.Rd6+ Rd7 48.Re6 Re7  1/2-1/2

[Event "Rosario"]
[Site "Rosario"]
[Date "1996.??.??"]
[Round "1"]
[White "Rodriguez, Andres"]
[Black "Urday, Henry"]
[Result "1-0"]
[WhiteElo "2575"]
[BlackElo "2470"]

1.e4 c5 2.Nf3 Nc6 3.d4 cxd4 4.Nxd4 e6 5.Nc3 Qc7 6.g3 a6 7.Bg2 d6 8.O-O Bd7
9.a4 Nf6 10.Nb3 Ne5 11.f4 Nc4 12.Kh1 Na5 13.Qe2 Nxb3 14.cxb3 Be7 15.e5 Ng8
16.exd6 Bxd6 17.f5 Ne7 18.Bg5 Be5 19.Rae1 Nc6 20.Ne4 exf5 21.Nf6+ gxf6 22.Bxf6 Be6
23.Qh5 Rf8 24.Rxf5 Bxf5 25.Qxf5 Qd7 26.Bxc6 Qxc6+ 27.Kg1 Rg8 28.Qxe5+ Kd7
29.Qf5+ Kc7 30.Qf4+ Kd7 31.Re7+ Kc8 32.Qf5+ Kb8 33.Be5+  1-0

[Event "Sabadell"]
[Site "Sabadell"]
[Date "1996.??.??"]
[Round "1"]
[White "Rahal, Michael"]
[Black "Vehi Bach, Victor Manuel"]
[Result "0-1"]
[WhiteElo "2340"]
[BlackElo "2390"]

1.e4 c5 2.Nf3 e6 3.d4 cxd4 4.Nxd4 Nc6 5.Nc3 Qc7 6.Be2 a6 7.O-O b5 8.Nxc6 dxc6
9.f4 Bb7 10.e5 Nh6 11.Ne4 Rd8 12.Qe1 c5 13.Bf3 Nf5 14.c3 Be7 15.Be3 h5 16.Bf2 g6
17.Qe2 Bd5 18.b3 Kf8 19.c4 bxc4 20.bxc4 Ba8 21.Nf6 Nd4 22.Bxd4 Bxf3 23.Qxf3 Rxd4
24.Qa8+ Qd8 25.Qxa6 Bxf6 26.exf6 Qxf6 27.Qc8+ Kg7 28.Qxc5 Rhd8 29.a4 Rxf4
30.a5 Rf5 31.Qe3 Ra8 32.Qb6 Raxa5 33.Qxa5 Qd4+ 34.Kh1 Rxa5 35.Rxa5 Qxc4 36.Raa1 e5
37.Rac1 Qd5 38.Rfd1 Qe6  0-1

[Event "Sakthi"]
[Site "Sakthi"]
[Date "1996.??.??"]
[Round "11"]
[White "Ramesh, RB."]
[Black "Tilak, Sharad S"]
[Result "0-1"]
[WhiteElo "2415"]
[BlackElo "2385"]

1.e4 c5 2.Nf3 e6 3.d4 cxd4 4.Nxd4 Nc6 5.Nc3 Qc7 6.Be3 a6 7.f4 b5 8.Bd3 Bb7
9.Qf3 Nf6 10.Nb3 d6 11.O-O-O Be7 12.Kb1 Na5 13.f5 e5 14.g4 Nc4 15.Bf2 Rc8
16.g5 Nxb2 17.gxf6 Qxc3 18.fxe7 Nc4  0-1

[Event "Salongernas IM"]
[Site "Salongernas"]
[Date "1996.??.??"]
[Round "?"]
[White "Furhoff, Johan"]
[Black "Wallace, John Paul"]
[Result "1/2-1/2"]
[WhiteElo "2305"]
[BlackElo "2370"]

1.e4 c5 2.Nf3 e6 3.d4 cxd4 4.Nxd4 Nc6 5.Nc3 Qc7 6.Be3 Nf6 7.Bd3 a6 8.O-O Ne5
9.h3 Bc5 10.Qe2 d6 11.f4 Ng6 12.Nb3 Bxe3+ 13.Qxe3 O-O 14.e5 dxe5 15.Bxg6 hxg6
16.fxe5 Nd7 17.Rae1 b5 18.Nd4 Bb7 19.Nd1 Rad8 20.Rf4 g5 21.Rg4 Qxe5 22.Qxe5 Nxe5
23.Rxe5 f5 24.Rxg5 Rxd4 25.Nf2 Bd5 26.Re3 Rc8 27.Reg3 Rc7 28.Nd3 Bxa2 29.b3 Bb1
30.b4 f4 31.Rf3 Rf7 32.Ne5 Rf5 33.Rxf5 exf5 34.c3 Rd1+ 35.Rf1 Rxf1+ 36.Kxf1 g5
37.Nd7 Kf7 38.Nc5 Kf6 39.Nxa6 Bd3+ 40.Kf2 Ke5 41.Nc5 Be4 42.Nb3 g4 43.hxg4 fxg4
44.g3 Bd5 45.Nd2 Kf5 46.Nf1 Ke4 47.gxf4 Kxf4 48.Ng3 Bf3 49.Nf1 Ke4 50.Nd2+ Kd3
51.Nb1 Be2 52.Na3 g3+  1/2-1/2

[Event "Salongernas Elo"]
[Site "Salongernas"]
[Date "1996.??.??"]
[Round "?"]
[White "Hjelm, Niclas"]
[Black "Andersson, Mats"]
[Result "1/2-1/2"]
[WhiteElo "2325"]
[BlackElo "2295"]

1.e4 c5 2.Nc3 Nc6 3.Nf3 e6 4.d4 cxd4 5.Nxd4 Qc7 6.f4 a6 7.Be3 b5 8.a3 b4
9.axb4 Bxb4 10.Nxc6 Bxc3+ 11.bxc3 Qxc6 12.Qd4  1/2-1/2

[Event "San Roque"]
[Site "San Roque"]
[Date "1996.??.??"]
[Round "8"]
[White "De la Villa Garcia, Jesus Maria"]
[Black "Sion Castro, Marcelino"]
[Result "1/2-1/2"]
[WhiteElo "2525"]
[BlackElo "2400"]

1.e4 c5 2.Nf3 e6 3.d4 cxd4 4.Nxd4 Nc6 5.Nc3 a6 6.Be2 Qc7 7.O-O Nf6 8.Be3 Bb4
9.Na4 b5 10.Nxc6 dxc6 11.Bc5 bxa4 12.Bxb4 c5 13.Ba3 Nxe4 14.Bf3 Bb7 15.Re1 f5
16.Bxe4 fxe4 17.Qh5+ g6 18.Qxc5 Qxc5 19.Bxc5 Rc8 20.Bd4 O-O 21.Rac1 Rfd8
22.Be3 Kf7 23.h3 Kf6 24.Kf1 g5 25.Ke2 h5 26.Red1 Rxd1 27.Kxd1 Kf5 28.Kd2 h4
29.Rd1 Rd8+ 30.Kc1 Rxd1+ 31.Kxd1 Bd5 32.b3 axb3 33.axb3 g4  1/2-1/2

[Event "Santa Clara"]
[Site "Santa Clara"]
[Date "1996.??.??"]
[Round "7"]
[White "Arencibia, Walter"]
[Black "Andonovski, Ljubisa"]
[Result "1-0"]
[WhiteElo "2515"]
[BlackElo "2260"]

1.e4 c5 2.Nf3 Nc6 3.d4 cxd4 4.Nxd4 e6 5.Nc3 Qc7 6.f4 a6 7.Be2 b5 8.Nxc6 Qxc6
9.Bf3 Bb7 10.Qe2 Rc8 11.a3 Qc4 12.Qd3 Nf6 13.Be3 b4 14.axb4 Bxb4 15.Bd4 O-O
16.O-O Qxd3 17.cxd3 Bc5 18.Ra4 d6 19.Bxc5 Rxc5 20.Kf2 Rb8 21.Rb4 Rcc8 22.Ra1 Nd7
23.Ke3 Kf8 24.d4 Ke7 25.Be2 h6 26.Ra3 Kd8 27.Rab3 Kc7 28.Nd1 f5 29.Rc4+ Kd8
30.Rxb7 Rxb7 31.Rxc8+ Kxc8 32.Bxa6 fxe4 33.Kxe4 Nf6+ 34.Kf3 Kc7 35.Bxb7 Kxb7
36.Ne3 Kc6 37.f5 e5 38.dxe5 dxe5 39.Ng4 e4+ 40.Kf4 Nxg4  1-0

[Event "Sao Paulo m"]
[Site "Sao Paulo"]
[Date "1996.??.??"]
[Round "3"]
[White "Polgar, Judit"]
[Black "Milos, Gilberto"]
[Result "1/2-1/2"]
[WhiteElo "2665"]
[BlackElo "2605"]

1.e4 c5 2.Nf3 e6 3.d4 cxd4 4.Nxd4 Nc6 5.Nc3 Qc7 6.Be2 a6 7.Be3 Nf6 8.O-O Bb4
9.Na4 Be7 10.Nxc6 bxc6 11.Nb6 Rb8 12.Nxc8 Qxc8 13.e5 Nd5 14.Bc1 Bc5 15.c4 Ne7
16.b3 Qc7 17.Bb2 d6 18.exd6 Bxd6 19.g3 Be5 20.Bxe5 Qxe5 21.Bf3 c5 22.Re1 Qc7
23.Be4 O-O 24.Qc2 h6 25.Rad1 Rfd8 26.Qb2 Nc6 27.Bxc6 Qxc6 28.Rd2 Rd6 29.Rxd6 Qxd6
30.Qe5 Qxe5 31.Rxe5 Rc8 32.f4 Kf8 33.Kf2 Ke7 34.h4 f6 35.Re1  1/2-1/2

[Event "Sao Paulo Charlier"]
[Site "Sao Paulo"]
[Date "1996.??.??"]
[Round "5"]
[White "Souza, Adwilhans"]
[Black "Rocha, Wellington Carlos"]
[Result "0-1"]
[WhiteElo "2335"]
[BlackElo "2305"]

1.e4 c5 2.Nf3 e6 3.d4 cxd4 4.Nxd4 Nc6 5.Nc3 Qc7 6.Be2 Nf6 7.O-O a6 8.Be3 d6
9.a4 Be7 10.f4 O-O 11.Nb3 b6 12.Qe1 Bb7 13.Qg3 Kh8 14.Bd3 Nb4 15.f5 e5 16.Bg5 Nh5
17.Qh4 Bxg5 18.Qxh5 Bf6 19.Rf3 Qd8 20.Rh3 h6 21.Rf1 Rc8 22.Rff3 b5 23.Rfg3 Kh7
24.axb5 axb5 25.Qe2 d5 26.exd5 Nxd5 27.Nxd5 Qxd5 28.Rg4 e4 29.Bxe4 Qe5 30.c3 Rfe8
31.Re3 Rc7 32.Nd4 Rc4 33.Kf2 h5 34.Bxb7 Qxe3+ 35.Qxe3 Rxe3 36.Kxe3 hxg4 37.Nxb5 Rc5
38.Nd6 Rc7 39.Be4 Be5 40.Nb5 Rc5 41.Nd4 Kh6 42.Kd3 Kg5 43.b4 Rc8 44.Nc6 Bxh2
45.b5 Bg1 46.Bd5 Rf8 47.Nd4 Kf4 48.c4 Ke5 49.Ne2 Bf2 50.Nc3 Rd8 51.Ne4 Bg1
52.Ng5 Kxf5 53.Nxf7 Rd7 54.Kc3 Bc5 55.b6 Bxb6 56.Kb4 Kf6 57.Kb5 Bg1 58.Nh8 Rc7
59.Be4 Rc5+ 60.Kb4 g5 61.Ng6 Rc8 62.Kb5 Rg8 63.c5 Rxg6 64.Bxg6 Kxg6 65.c6 Bh2
66.Kc4 Bc7 67.Kd3 Kf5 68.Ke2 Kf4 69.Kf1 Bb6 70.c7 Bxc7 71.Kg1 Kg3 72.Kh1 Kf2  0-1

[Event "Sarospatak op"]
[Site "Sarospatak"]
[Date "1996.??.??"]
[Round "?"]
[White "Lutring, Aniko"]
[Black "Kakuk, Sandor"]
[Result "1/2-1/2"]
[WhiteElo "2015"]
[BlackElo "2190"]

1.e4 c5 2.Nf3 Nc6 3.d4 cxd4 4.Nxd4 e6 5.Nc3 Qc7 6.Nxc6 dxc6 7.a3 Nf6 8.Be3 Be7
9.Bd3 e5 10.h3 Be6 11.O-O O-O 12.Qe2 a6 13.Bc4 Bxc4 14.Qxc4 b5 15.Qe2 c5
16.Bg5 c4 17.Bxf6 Bxf6 18.Nd5 Qc6 19.c3  1/2-1/2

[Event "Sas van Gent op U20"]
[Site "Sas van Gent"]
[Date "1996.??.??"]
[Round "5"]
[White "Gommers, Ralf"]
[Black "Agopov, Mikael"]
[Result "1/2-1/2"]
[WhiteElo "2115"]
[BlackElo "2295"]

1.e4 c5 2.Nf3 Nc6 3.d4 cxd4 4.Nxd4 e6 5.Nc3 Qc7 6.Be3 a6 7.f4 b5 8.Be2 Bb7
9.Bf3 d6 10.O-O Nf6 11.Nb3 Be7 12.Qe1 O-O 13.Rd1 Rac8 14.Qf2 Qb8 15.g4 a5
16.g5 Nd7 17.Nxb5 Ba6 18.Na7 Bxf1 19.Nxc8 Rxc8 20.Qxf1 a4 21.Nd4 Qxb2 22.Qa6 Nb6
23.Nb5 Rb8 24.Bxb6 Nb4 25.Qxa4 Rxb6 26.Qa7 Rxb5 27.Qxe7 Rb8 28.Rxd6 g6 29.Rd8+ Rxd8
30.Qxd8+ Kg7 31.Qd2 Nxc2 32.Bd1 Qb6+ 33.Kh1 Ne3 34.Bb3 h6 35.Qc3+ e5 36.Qxe5+ Kf8
37.gxh6 Qb4 38.Qg7+ Ke7 39.Qxf7+ Kd8 40.Qf6+  1/2-1/2

[Event "Sas van Gent"]
[Site "Sas van Gent"]
[Date "1996.??.??"]
[Round "9"]
[White "Timmermans, Ivo"]
[Black "Stanke, Juergen"]
[Result "1/2-1/2"]
[WhiteElo "2275"]
[BlackElo "2295"]

1.e4 c5 2.Nf3 e6 3.d4 cxd4 4.Nxd4 Nc6 5.Nc3 Qc7 6.g3 Nf6 7.Ndb5 Qb8 8.Bf4 e5
9.Bg5 a6 10.Bxf6 axb5 11.Bg5 b4 12.Nd5 Bc5 13.Bg2 d6 14.O-O Be6 15.Qd3 O-O
16.Be3 Ra5 17.Bxc5 dxc5 18.Rfd1 b5 19.c3 bxc3 20.bxc3 Qa7 21.Rdb1 Rb8 22.Rb2 h6
23.Rab1 Rxa2 24.Rxb5 Rxb5 25.Qxb5 Ra1 26.h3 Rxb1+ 27.Qxb1 Na5 28.Qb5 Bd7
29.Qb6 Qxb6 30.Nxb6 Bc6 31.f3 Kf8 32.Kf2 Ke7 33.Bf1 f6 34.Nc4 Nxc4 35.Bxc4 Bd7
36.h4 Kd6 37.Ke3 Kc6 38.Kd3 Kb6 39.Bf7 Bb5+ 40.Ke3 Ka5 41.f4 Ka4 42.fxe5 fxe5
43.Bd5 Ka3 44.Bb7 Kb3 45.Kd2 Ka4 46.Ke3 Bd7 47.Bd5 Kb5 48.Bf7 Bh3  1/2-1/2

[Event "Schoeneck-B"]
[Site "Schoeneck"]
[Date "1996.??.??"]
[Round "4"]
[White "Kuczynski, Robert"]
[Black "Maiwald, Jens Uwe"]
[Result "1/2-1/2"]
[WhiteElo "2510"]
[BlackElo "2490"]

1.e4 c5 2.Nf3 e6 3.d4 cxd4 4.Nxd4 Nc6 5.Nc3 a6 6.Be2 Nge7 7.f4 b5 8.Be3 Nxd4
9.Qxd4 Nc6 10.Qb6 Qxb6 11.Bxb6 Rb8 12.Bf2 Bb7 13.Bf3 d6 14.O-O-O Be7 15.Bb6 Bd8
16.Bxd8 Rxd8 17.Rhe1 Ba8 18.Rd2 Rg8 19.h4 h6 20.h5 Na5 21.b3 Ke7 22.Kb2 Rd7
23.Re3 Rb8 24.Re1  1/2-1/2